000 00568nam a2200229Ia 4500
003 OSt
005 20220928145013.0
006 a|||||r|||| 00| 0
007 ta
008 220927b |||||||| |||| 00| 0 eng d
024 _a78208
037 _cTextual
040 _aSDCL
_cSDCL
_beng
041 _2eng
_aeng
082 _aX:8, N3
100 _aDess Gregory G
_9511200
245 0 _aStrategic management.
260 _c1993
700 _a Miller Alex
_9501042
942 _hX:8, N3
_cTEXL
_2CC
999 _c831429
_d831429